Voces y fragmentos: (Record no. 72047)

MARC details
000 -LEADER
fixed length control field 00658cam a2200169 4500
008 - FIXED-LENGTH DATA ELEMENTS--GENERAL INFORMATION
fixed length control field 021127s1981 mx r u000 0 spa d
050 04 - LIBRARY OF CONGRESS CALL NUMBER
Classification number PQ7758
Item number B63 1981
100 1# - MAIN ENTRY--PERSONAL NAME
Personal name Boccanera , Jorge A.,
Relator term (selección y presentación)
245 10 - TITLE STATEMENT
Title Voces y fragmentos:
Remainder of title Poesía Argentina de hoy /
Statement of responsibility, etc presentación y selecc. Jorge A. Boccanera
260 ## - PUBLICATION, DISTRIBUTION, ETC. (IMPRINT)
Place of publication, distribution, etc Morelia, Michoacán, México:
Name of publisher, distributor, etc Difusión cultural / Editorial Universitaria, U.M.S.N.H.
Date of publication, distribution, etc 1981
300 ## - PHYSICAL DESCRIPTION
Extent 242 p. ;
Dimensions 21 cm.
440 #0 - SERIES STATEMENT/ADDED ENTRY--TITLE
Title Colección Trilce-Pireni
650 #7 - SUBJECT ADDED ENTRY--TOPICAL TERM
Topical term or geographic name as entry element Poesía Argentina
General subdivision Colec.
650 04 - SUBJECT ADDED ENTRY--TOPICAL TERM
Topical term or geographic name as entry element Poesía Argentina
General subdivision Década de los 70 's.
942 ## - ADDED ENTRY ELEMENTS (KOHA)
Source of classification or shelving scheme Biblioteca del Cogreso de los Estados Unidos
Koha item type Libro
Holdings
Estado de pérdida Fuente de clasificación Estado del daño No para préstamo Ubicación permanente Ubicación actual Apartado o colección Fecha de adquisición Edición Área del conocimiento Clasificación Código de Barras Date last seen Número de copia Tipo de recurso Costo por reposición
  Biblioteca del Cogreso de los Estados Unidos     Biblioteca de la Preparatoria Ing. Pascual Ortiz Rubio Biblioteca de la Preparatoria Ing. Pascual Ortiz Rubio General 02/10/2015 1a. ed. Educación y Humanidades PQ7084 V6 1981 PPO000000450 02/10/2015 C:1 Libro  
  Biblioteca del Cogreso de los Estados Unidos     Biblioteca de la Preparatoria Ing. Pascual Ortiz Rubio Biblioteca de la Preparatoria Ing. Pascual Ortiz Rubio General 02/10/2015 1a. ed. Educación y Humanidades PQ7084 V6 1981 PPO000000449 02/10/2015 C:2 Libro  
  Biblioteca del Cogreso de los Estados Unidos     Biblioteca de la Preparatoria Ing. Pascual Ortiz Rubio Biblioteca de la Preparatoria Ing. Pascual Ortiz Rubio General 02/10/2015 1a. ed. Educación y Humanidades PQ7084 V6 1981 PPO000000448 02/10/2015 C:3 Libro  
  Biblioteca del Cogreso de los Estados Unidos     Biblioteca de la Preparatoria José Ma. Morelos Biblioteca de la Preparatoria José Ma. Morelos Literatura 08/03/2021 1 a ed. Educación y Humanidades PQ7697 V79 1981 pjm000001661 08/03/2021 1 Libro 1.00